MARC

LEADER 00000nam0a2200000 4500
001 55701
005 20231031052634.0
035 |a (RuTPU)RU\TPU\book\58460 
090 |a 55701 
100 |a 20030919d1959 m y0rusy50 ca 
101 0 |a rus 
102 |a RU 
105 |a a jz 001zy 
200 1 |a Работы по озеленению территорий  |f Академия строительства и архитектуры СССР; Научно-исследовательский институт организации, механизации и технической помощи строительству 
210 |a Москва  |c Госстройиздат  |d 1959 
215 |a 206 с.  |c ил. 
320 |a Библиогр.: с. 202-203. 
610 1 |a озеленение 
610 1 |a территория 
610 1 |a природообустройство 
610 1 |a газоны 
610 1 |a деревья 
610 1 |a кустарники 
610 1 |a земля 
610 1 |a удобрения 
610 1 |a практические пособия 
675 |a 59  |v 3 
712 0 2 |a Академия строительства и архитектуры СССР 
712 0 2 |a Научно-исследовательский институт организации, механизации и технической помощи строительству 
801 1 |a RU  |b 63413507  |c 20030919  |g PSBO 
801 2 |a RU  |b 63413507  |c 20210621  |g PSBO 
900 |a Основы природообустройства 
942 |c BK